Minecraft Mobs: Parrot - Statistics

General Stats
  • This quiz has been taken 4 times
  • The average score is 8 of 11
Answer Stats
Question Answer % Correct
How many health points does a parrot have? 6
100%
What is one biome parrots spawn in? Bamboo Jungle | Jungle
100%
What is one variant of parrot? Red | Blue | Green | Cyan | Gray
100%
What is a parrot's width in blocks? 0.5
75%
What is a parrot's height in blocks? 0.9
75%
There is a 1 / __ chance a parrot is tamed with each used item. 10
75%
What item can a parrot drop on death? Feather
75%
What block can a parrot dance next to? Jukebox
75%
What item family can be used to tame a parrot? Seeds
75%
What item instantly kills a parrot when fed to it? Cookie
50%
What advancement do you get for looking at a parrot through a spyglass? Is It a Bird?
25%
No matching quizzes found
Score Distribution
Percent of People with Each Score
Percentile by Number Answered
Your Score History
You have not taken this quiz